000 00329nam a22001457a 4500
008 210308b ||||| |||| 00| 0 eng d
020 _a0316295590
041 _aeng
080 _a37
082 _a37
100 _a25
101 _aEDU
245 _aA practical handbook for college Teachers
_cFuhrmann, B.S
942 _2udc
_cBK
999 _c56006
_d56006